| 000 | 00726nam a22002537a 4500 | ||
|---|---|---|---|
| 003 | UA-OsUOA | ||
| 001 | 30706 | ||
| 007 | ta | ||
| 008 | 20041112b un ||||| |||| 00| 0 ukr d | ||
| 100 | _aЧернявская Я. А. | ||
| 700 | _aРегушевская Г. В. | ||
| 090 |
_a82.09(47+57) _bД-38 |
||
| 942 | _cBK | ||
| 040 |
_aUA-OsUOA _brus _cUA-OsUOA _dUA-OsUOA |
||
| 245 |
_aДетская литература. Хрестоматия _bУчебное пособие для студентов пед. ин-тов |
||
| 300 | _a464 с. | ||
| 955 | _a0 | ||
| 041 | _arus | ||
| 080 | _a82.09(47+57) | ||
| 260 |
_aМосква _bПросвещение _c1980 |
||
| 044 | _aRU | ||
| 650 | 7 | _2UDC | |
| 999 |
_c317120 _d317120 |
||